Termination of obligation (Suqut Al-Mujabat) in Islamic commercial law /
Saved in:
| Main Author: | |
|---|---|
| Format: | Thesis |
| Language: | English |
| Published: |
Gombak :
International Islamic University Malaysia,
2004
|
| Subjects: | |
| Online Access: | Click here to view 1st 24 pages of the thesis. Members can view fulltext at the specified PCs in the library. |
| Tags: |
Add Tag
No Tags, Be the first to tag this record!
|
| LEADER | 028200000a22004810004500 | ||
|---|---|---|---|
| 001 | 283917 | ||
| 005 | 20230420113057.0 | ||
| 008 | 040806s2004 my f 000 0 eng d | ||
| 035 | |a (Sirsi) 283917 | ||
| 040 | |a UIAM |b eng | ||
| 041 | 0 | |a eng | |
| 043 | |a a-my--- | ||
| 050 | 0 | 0 | |a BP158.6.P2 |
| 100 | 0 | |a Rusni binti Hassan |9 116511 | |
| 245 | 1 | 0 | |a Termination of obligation (Suqut Al-Mujabat) in Islamic commercial law / |c by Rusni Binti Hassan |
| 260 | |a Gombak : |b International Islamic University Malaysia, |c 2004 | ||
| 300 | |a xx, 333 p. ; |c 30 cm. | ||
| 336 | |2 rdacontent | ||
| 337 | |2 rdamedia | ||
| 338 | |2 rdacarrier | ||
| 500 | |a "A thesis submitted as a requirement for the Degree of Ph.D in Law."--On t.p. | ||
| 500 | |a Abstracts in English and Arabic | ||
| 502 | |a Thesis (Ph.D.) -- International Islamic University Malaysia, 2004 | ||
| 504 | |a Includes bibliographical references [leaves 319-333] | ||
| 530 | |a Also available on 3 1/2 in. computer disk | ||
| 650 | 0 | |a Commercial law (Islamic law) |9 1496 | |
| 650 | 0 | |a Obligations (Islamic law) |9 60566 | |
| 650 | 0 | |a Impossibility of performance (Islamic law) |9 116512 | |
| 650 | 0 | |a Discharge of contracts |9 4261 | |
| 655 | 0 | 7 | |a Theses, IIUM local |
| 690 | 0 | |a Dissertations, Academic |x Ahmad Ibrahim Kulliyyah of Laws |z IIUM | |
| 710 | 2 | |a International Islamic University Malaysia. |b Ahmad Ibrahim Kulliyyah of Laws | |
| 730 | 0 | |a Termination of obligation (Suqut Al-Mujabat) in Islamic Commercial Law (computer file) |9 116513 | |
| 856 | 4 | |u https://lib.iium.edu.my/mom/services/mom/document/getFile/6YxPH8v105VirUnShvCvt6cHd1ODjLLu20060918093634578 |z Click here to view 1st 24 pages of the thesis. Members can view fulltext at the specified PCs in the library. | |
| 900 | |a hj-his-bs-mbs-mzh-sa | ||
| 942 | |2 lcc |n 0 | ||
| 999 | |c 431685 |d 466795 | ||
| 952 | |0 0 |6 T BP 000158.6 P2 R949T 2004 |7 0 |8 THESES |9 751574 |a IIUM |b IIUM |c MULTIMEDIA |g 0.00 |o t BP 158.6 P2 R949T 2004 |p 00000878801 |r 2017-10-17 |t 2 |v 0.00 |y THESIS | ||
| 952 | |0 0 |6 LU T BP 158.6 P2 R949T 2004 |7 0 |8 THESES |9 754563 |a IIUM |b IIUM |c CLOSEACCES |g 0.00 |o lu t BP 158.6 P2 R949T 2004 |p 00011274451 |r 2017-10-24 |t 3 |v 0.00 |y THESIS | ||
| 952 | |0 0 |6 LU T BP 158.6 P2 R949T 2004 |7 0 |8 THESES |9 754564 |a IIUM |b IIUM |c CLOSEACCES |g 0.00 |o lu t BP 158.6 P2 R949T 2004 |p 00000909030 |r 2017-10-24 |t 1 |v 0.00 |y THESIS | ||
| 952 | |0 0 |6 LU T BP 158.6 P2 R949T 2004 |7 0 |8 THESES |9 754565 |a IIUM |b IIUM |c CLOSEACCES |g 0.00 |o lu t BP 158.6 P2 R949T 2004 |p 00000878802 |r 2017-10-24 |t 2 |v 0.00 |y THESIS | ||
| 952 | |0 0 |6 TS CDF BP158.6P2R949T 2004 |7 0 |8 THESES |9 815244 |a IIUM |b IIUM |c MULTIMEDIA |g 0.00 |o ts cdf BP158.6P2R949T 2004 |p 11100325581 |r 2017-10-26 |t 1 |v 0.00 |y THESISDIG | ||
| 952 | |0 0 |6 TS BP 000158.6 P2R949T 2004 |7 0 |8 THESES |9 815245 |a IIUM |b IIUM |c MULTIMEDIA |g 0.00 |o ts BP158.6P2R949T 2004 |p 00000878803 |r 2018-10-19 |t 1 |v 0.00 |y THESISDIG | ||
